Bon Nadal i feliç 2024
Descripción Física:
1 díptic ; il. col. ; 15 x 21 cm
MARC
| LEADER | 00000nam a2200000Ia 4500 | ||
|---|---|---|---|
| 001 | 28875 | ||
| 003 | AGDB | ||
| 005 | 20260324181531.0 | ||
| 008 | 160829s2012 xx 000 0 cat d | ||
| 040 | |a agdb |b cat | ||
| 245 | |a Bon Nadal i feliç 2024 | ||
| 260 | |a [Barcelona] : |b Diputació de Barcelona, |c [2024] | ||
| 300 | |a 1 díptic ; |b il. col. ; |c 15 x 21 cm | ||
| 500 | |a Felicitació de Nadal corporativa de la Diputació de Barcelona per al Nadal de l'any 2024. | ||
| 650 | 0 | |a Nadales (Arts gràfiques) |z Barcelona (Catalunya : Província) |9 49207 | |
| 655 | 0 | |a Targetes postals |9 52685 | |
| 710 | 1 | |a Barcelona (Catalunya : Província). |b Diputació |9 52408 | |
| 901 | |a Arxiu | ||
| 942 | |n 1 |2 udc |c ARXIU | ||
| 952 | |0 0 |1 0 |4 0 |6 NBM1829 |7 1 |9 98118 |a Arxiu |b Arxiu |d 2025-05-21 |l 0 |o NBM-18-29 |p 28875 |r 2025-05-21 00:00:00 |w 2025-05-21 |y ARXIU | ||
| 999 | |c 129899 |d 129899 | ||